Manual de escritura académica y profesional
Saved in:
| Hovedforfatter: | |
|---|---|
| Andre forfattere: | , , , , , , |
| Format: | Bog |
| Sprog: | spansk |
| Udgivet: |
Barcelona, España:
Ariel,
2014
|
| Udgivelse: | 1ª edición |
| Serier: | Ariel Letras
|
| Fag: | |
| Tags: |
Tilføj Tag
Ingen Tags, Vær først til at tagge denne postø!
|
MARC
| LEADER | 00000cam a2200000 a 4500 | ||
|---|---|---|---|
| 001 | UCE4126 | ||
| 003 | CL-VaPUC | ||
| 005 | 20220331171537.0 | ||
| 008 | 141009e20140900sp |||||||||||||||||spa|d | ||
| 999 | |c 357189 |d 357187 | ||
| 020 | |a 978-84-344-1866-0v.1 | ||
| 020 | |a 9788434418677v.2 | ||
| 040 | |c Pontificia Universidad Católica de Valparaíso | ||
| 082 | 0 | 4 | |a 411 MON 2014 |2 21 |
| 100 | |a Montolío Durán, Estrella |e directora |9 597729 | ||
| 245 | 1 | 0 | |a Manual de escritura académica y profesional |
| 250 | |a 1ª edición | ||
| 260 | |a Barcelona, España: |b Ariel, |c 2014 | ||
| 300 | |a volúmenes | ||
| 490 | 0 | |a Ariel Letras | |
| 500 | |a v.1. c.5. Donación Familia profesor Giovanni Parodi S. Memo 02/2022. 25-03-2022 | ||
| 505 | |a v.1: Estrategias gramaticales. v.2: Estrategias discursivas. | ||
| 583 | |a last modification |c 20141029 01:48:09 |k Rodrigo Vera | ||
| 650 | 0 | |a Escritura |9 264941 | |
| 650 | 0 | |a Ejercicios de escritura |9 346986 | |
| 650 | 7 | |a Ortografía española |2 CL-VaPUC |9 445558 | |
| 650 | 0 | |a Acentuación |9 389778 | |
| 650 | 0 | |a Gramática española |9 403055 | |
| 700 | 0 | |a Santiago, Marisa |e autora |9 576700 | |
| 700 | 0 | |a García Asensio, María de los Ángeles |e autora |9 576701 | |
| 700 | |a Garachana, Mar |e autora |9 445556 | ||
| 700 | |a Gras, Pedro |e autor |9 615106 | ||
| 700 | |a De Santiago Guervós, Javier |e autor |9 867818 | ||
| 700 | |a López Samaniego, Anna |e autora |9 867819 | ||
| 700 | |a Taranilla, Raquel |e autora |9 867820 | ||
| 942 | |c BK |2 ddc | ||
| 945 | |d 20141009 14:36:00 |a arojas | ||
| 952 | |0 0 |1 0 |3 erb |4 0 |6 411_000000000000000_MON_2014 |7 0 |8 A |9 465013 |a FDOPOS |b BIBEDU |h v.1 |i 5118158 |l 1 |m 1 |o 411 MON 2014 |p 5118158 |q 2023-08-31 |r 2022-08-31 |s 2022-08-31 |w 2019-11-23 |y BK |z Catalogado en:20141009 |k DLA | ||
| 952 | |0 0 |1 0 |3 erb |4 0 |6 411_000000000000000_MON_2014 |7 0 |8 A |9 465014 |a FDOPOS |b FDOPOS |h v.2 |i 5118166 |o 411 MON 2014 |p 5118166 |r 2025-01-22 |w 2019-11-23 |y BK |z Catalogado en:20141009 |k DLA | ||
| 952 | |0 0 |1 0 |3 erb |4 0 |6 411_000000000000000_MON_2014 |7 0 |8 A |9 465015 |a FDOPOS |b FDOPOS |h v.1 |i 5120365 |o 411 MON 2014 |p 5120365 |r 2025-01-22 |w 2019-11-23 |y BK |z Catalogado en:20141023 |k MLH | ||
| 952 | |0 0 |1 0 |3 erb |4 0 |6 411_000000000000000_MON_2014 |7 0 |8 A |9 465016 |a FDOPOS |b FDOPOS |h v.2 |i 5120373 |o 411 MON 2014 |p 5120373 |r 2025-01-22 |w 2019-11-23 |y BK |z Catalogado en:20141023 |k MLH | ||
| 952 | |0 0 |1 0 |3 erb |4 0 |6 411_000000000000000_MON_2014 |7 0 |8 A |9 465017 |a BIBEDU |b BIBEDU |h v.1 |i 539547K |l 6 |m 4 |o 411 MON 2014 |p 539547K |q 2025-03-31 |r 2024-12-19 |s 2024-12-19 |w 2019-11-23 |y BK |z Catalogado en:20170609 |k CIT | ||
| 952 | |0 0 |1 0 |3 erb |4 0 |6 411_000000000000000_MON_2014 |7 0 |8 A |9 465018 |a BIBEDU |b BIBEDU |h v.1 |i 5395488 |l 2 |m 1 |o 411 MON 2014 |p 5395488 |q 2023-07-31 |r 2020-10-11 |s 2020-10-11 |w 2019-11-23 |y BK |z Catalogado en:20170609 |k CIT | ||
| 952 | |0 0 |1 0 |2 ddc |3 erb |4 0 |6 411_000000000000000_MON_2014 |7 0 |8 A |9 465019 |a BIBEDU |b BIBEDU |h v.1 |i 5395496 |l 5 |m 1 |o 411 MON 2014 |p 5395496 |r 2023-10-10 |s 2023-10-03 |w 2019-11-23 |y BK |z Catalogado en:20170609 |k CIT | ||
| 952 | |0 0 |1 0 |3 erb |4 0 |6 411_000000000000000_MON_2014 |7 0 |8 A |9 465020 |a BIBEDU |b BIBEDU |h v.2 |i 539550K |l 7 |m 3 |o 411 MON 2014 |p 539550K |r 2023-11-10 |s 2023-11-10 |w 2019-11-23 |y BK |z Catalogado en:20170609 |k CIT | ||
| 952 | |0 0 |1 0 |3 erb |4 0 |6 411_000000000000000_MON_2014 |7 0 |8 A |9 465021 |a BIBEDU |b BIBEDU |h v.2 |i 5395518 |o 411 MON 2014 |p 5395518 |r 2019-11-23 |w 2019-11-23 |y BK |z Catalogado en:20170609 |k CIT | ||
| 952 | |0 0 |1 0 |3 erb |4 0 |6 411_000000000000000_MON_2014 |7 0 |8 A |9 465022 |a BIBEDU |b BIBEDU |h v.2 |i 5395526 |l 7 |m 1 |o 411 MON 2014 |p 5395526 |r 2023-10-10 |s 2023-10-03 |w 2019-11-23 |y BK |z Catalogado en:20170609 |k CIT | ||
| 952 | |0 0 |1 0 |2 ddc |4 0 |6 411_000000000000000_MON_2014 |7 0 |8 C_GPS |9 582303 |a BIBHIS |b BIBHIS |c GEN |d 2022-03-30 |e Donación |h v. 1 |i 5650481 |l 1 |o 411 MON 2014 |p 5650481 |r 2025-01-20 |s 2023-08-09 |t 5 |w 2022-03-30 |y BK |k HIS | ||